Quiz Piłkarski - "jeden z czterech" #2 - Statystyki

Ogólne statystyki
  • Ten quiz został rozwiązany 57 razy
  • Średni wynik to 12 z 15
Statystyki odpowiedzi
Zagadnienie Odpowiedź % Poprawnych
Jak inaczej jest nazywane zdobycie trzech bramek w jednym meczu? Hat-trick
100%
Jak nazywa się stadion Manchesteru United? Old trafford
94%
... Narodowy - Dokończ nazwę polskiego stadionu. PGE
94%
Jak nazywa się druga w kolejności liga niemiecka? Bundesliga 2
92%
Który z tych zawodników NIE grał w Lechu Poznań? Łukasz piszczek
90%
Kogo Zinedine Zidane w finale MŚ uderzył swoją łysą głową? Materazzi
90%
Jaki przydomek ma Bayern Monachium Bawarczycy
86%
Z jakiego kraju jest Wilfred Zaha? WKS
80%
W jakich dwóch klubach grał Thomas Muller? Grał tylko w Bayernie Monachium
76%
Z jakim państwem na Euro2016 Portugalia grała w półfinale? Walia
68%
Ile Mistrzostw świata ma Brazylia? 5
64%
Na jaki turniej został stworzony "VAR"? [który jest do teraz] Mistrzostwa świata 2018
64%
Który zawodnik NIE pochodzi ze szkółki FC Barcelony? Pedri
60%
Który z tych zawodników NIE zmienił reprezentacji narodowej? Fabian Ruiz
58%
Ile wyniósł transfer Roberta Lewandowskiego z Bayernu do Barcelony w 2022r? 50mln
38%
Nie znaleziono quizów pasujących do podanych kryteriów
Rozkład punktacji
Procent ludzi z każdym wynikiem
Percentyl według liczby udzielonych odpowiedzi
Twoja historia wyników
Nie rozwiązałeś tego quizu